Top 💯 prénoms masculins 👦 en France 🇫🇷 en 1995 - Statistiques

Statistiques générales
  • Ce quiz a été pris 306 fois
  • Le résultat moyen est 67 sur 100
Statistiques - réponses
Classement Prénom % Correct
#98 Alex
90%
#67 Jean
90%
#7 Julien
89%
#26 Paul
89%
#2 Alexandre
88%
#18 Pierre
88%
#3 Thomas
88%
#9 Antoine
87%
#5 | #95 Kévin
87%
#1 Nicolas
85%
#32 Louis
84%
#23 Mathieu
84%
#4 Maxime
84%
#50 Léo
83%
#6 Quentin
80%
#30 Théo
80%
#31 Hugo
79%
#96 Jules
79%
#24 Lucas
79%
#35 David
78%
#54 François
78%
#22 Jérémy
78%
#13 Romain
78%
#27 Sébastien
78%
#64 Charles
77%
#15 Clément
77%
#83 Olivier
77%
#12 Guillaume
76%
#16 Valentin
76%
#14 Alexis
75%
#11 Anthony
75%
#10 Florian
75%
#79 Tom
75%
#39 Victor
75%
#19 Vincent
75%
#21 Adrien
74%
#17 Benjamin
74%
#56 Florent
74%
#93 Marc
74%
#44 Bastien
73%
#65 Samuel
73%
#36 Arthur
72%
#29 Damien
72%
#86 Gabriel
72%
#68 Yann
72%
#28 Baptiste
71%
#51 Fabien
71%
#47 Raphaêl
71%
#38 Simon
71%
#92 Stéphane
71%
#59 Nathan
69%
#43 Rémi
68%
#55 Benoît
67%
#85 Christophe
67%
#34 Loïc
66%
#78 Martin
66%
#71 Maxence
66%
#46 Mickael
66%
#94 Xavier
66%
#58 Cédric
65%
#84 Jérôme
65%
#33 Jonathan
65%
#45 Arnaud
63%
#25 Corentin
63%
#20 Jordan
63%
#41 Matthieu
63%
#40 Thibault
63%
#76 William
63%
#99 Frédéric
62%
#42 Aurélien
61%
#37 Axel
61%
#8 Dylan
61%
#80 Etienne
60%
#73 Mohamed
57%
#100 Yohan
57%
#66 Rémy
55%
#74 Sylvain
54%
#62 Cyril
53%
#53 Gaëtan
53%
#57 Ludovic
53%
#48 Robin
53%
#77 Tristan
51%
#90 Dorian
49%
#49 Steven
49%
#69 Thibaut
49%
#70 Bryan
48%
#87 Yoann
47%
#52 Christopher
45%
#97 Erwan
45%
#72 Dimitri
44%
#91 Morgan
44%
#88 Tony
43%
#61 Jason
42%
#63 Brandon
41%
#89 Jimmy
38%
#81 Jean-Baptiste
37%
#60 Mehdi
37%
#75 Tanguy
36%
#82 Geoffrey
35%
Aucun quiz correspondant
Distribution des résultats
% des personnes avec chaque résultat
Percentile par nombre de réponses
Votre historique - résultats
Vous n’avez pas pris ce quiz